[Event "Kuwait op 1st"]
[Site "Kuwait City"]
[Date "2025.01.13"]
[Round "9"]
[White "Mithilesh, Ranjithkumar"]
[Black "Al Hajiri, Bader"]
[Result "1-0"]
[WhiteElo "1918"]
[BlackElo "1992"]
[PlyCount "51"]
[EventDate "2025.01.05"]
[EventType "swiss"]
[EventRounds "9"]
[EventCountry "KUW"]
[SourceTitle "CB03_2025"]
[SourceDate "2025.01.15"]
[SourceVersion "1"]
[SourceVersionDate "2025.01.15"]
[SourceQuality "1"]

1. e4 e5 2. Nf3 Nc6 3. d4 exd4 4. Nxd4 Nf6 5. Nc3 Bb4 6. Nxc6 bxc6 7. Bd3 d5 8. exd5 cxd5 9. 0-0 0-0 10. h3 c6 11. Qf3 h6 12. Bf4 Re8 13. Rfd1 Qe7 14. Ne2 Ne4 15. Nd4 Bb7 16. c3 Bc5 17. Re1 Ng5 18. Qg3 Qxe1+ 19. Rxe1 Rxe1+ 20. Kh2 Bxd4 21. cxd4 f6 22. Bxg5 hxg5 23. Qc7 Bc8 24. Qxc6 Rb8 25. Qc7 Ra8 26. Qd8+ 1-0

[Event "Kuwait Rapid op 1st"]
[Site "Kuwait City"]
[Date "2025.01.10"]
[Round "9"]
[White "Lorparizangeneh, Shahin"]
[Black "Mithilesh, Ranjithkumar"]
[Result "1-0"]
[WhiteElo "2400"]
[BlackElo "1948"]
[PlyCount "91"]
[EventDate "2025.01.09"]
[EventType "swiss (rapid)"]
[EventRounds "9"]
[EventCountry "KUW"]
[SourceTitle "CB03_2025"]
[SourceDate "2025.01.15"]
[SourceVersion "1"]
[SourceVersionDate "2025.01.15"]
[SourceQuality "1"]

1. Nf3 d5 2. g3 Nf6 3. Bg2 c5 4. 0-0 Nc6 5. d4 e6 6. c4 Be7 7. cxd5 exd5 8. Nc3 0-0 9. Bg5 Be6 10. Rc1 Qa5 11. dxc5 Rad8 12. Nd4 Nxd4 13. Qxd4 h6 14. b4 Qa3 15. Bf4 b6 16. c6 Qxb4 17. Qxb4 Bxb4 18. c7 Ra8 19. Rfd1 g5 20. Be5 Nd7 21. Nxd5 Nxe5 22. Nxb4 Rae8 23. Nc6 Nxc6 24. Bxc6 Re7 25. Bb7 Ree8 26. Rd6 Bf5 27. Rxh6 Rxe2 28. c8Q Bxc8 29. Rxc8 Rxc8 30. Bxc8 Rxa2 31. Kg2 b5 32. Rh5 a6 33. Rxg5+ Kf8 34. h4 b4 35. h5 b3 36. h6 b2 37. Bf5 Ra5 38. h7 Rxf5 39. h8Q+ Ke7 40. Rxf5 b1Q 41. Qf6+ Kd7 42. Qxf7+ Kd6 43. Qd5+ Kc7 44. Rf7+ Kc8 45. Qd7+ Kb8 46. Rf8# 1-0

[Event "Kuwait op 1st"]
[Site "Kuwait City"]
[Date "2025.01.09"]
[Round "5"]
[White "Alasfour, Zaid"]
[Black "Mithilesh, Ranjithkumar"]
[Result "0-1"]
[WhiteElo "1762"]
[BlackElo "1918"]
[PlyCount "74"]
[EventDate "2025.01.05"]
[EventType "swiss"]
[EventRounds "9"]
[EventCountry "KUW"]
[SourceTitle "CB03_2025"]
[SourceDate "2025.01.15"]
[SourceVersion "1"]
[SourceVersionDate "2025.01.15"]
[SourceQuality "1"]

1. e4 e6 2. d4 d5 3. e5 c5 4. c3 Nc6 5. Nf3 Qb6 6. Bd3 Bd7 7. 0-0 cxd4 8. cxd4 Nxd4 9. Nxd4 Qxd4 10. Nc3 a6 11. Re1 Qb6 12. Na4 Qa5 13. Nc3 Ne7 14. Bd2 Ng6 15. Nb5 Qd8 16. Nd6+ Bxd6 17. exd6 Qb6 18. Bxg6 hxg6 19. Bf4 0-0 20. Be5 Rac8 21. a3 Rfe8 22. Re3 f6 23. Rb3 Qd8 24. Bc3 Ba4 25. Bb4 a5 26. Bxa5 Qxa5 27. Qd3 Bxb3 28. d7 Ba4 29. dxc8Q Rxc8 30. Qxg6 Qd2 31. Rf1 Rc1 32. g3 Bb5 33. Rxc1 Qxc1+ 34. Kg2 Bf1+ 35. Kf3 Qd1+ 36. Kf4 e5+ 37. Ke3 Qe2# 0-1

[Event "Kuwait Rapid op 1st"]
[Site "Kuwait City"]
[Date "2025.01.09"]
[Round "4"]
[White "Alsayer, Bader"]
[Black "Mithilesh, Ranjithkumar"]
[Result "0-1"]
[WhiteElo "1666"]
[BlackElo "1948"]
[PlyCount "84"]
[EventDate "2025.01.09"]
[EventType "swiss (rapid)"]
[EventRounds "9"]
[EventCountry "KUW"]
[SourceTitle "CB03_2025"]
[SourceDate "2025.01.15"]
[SourceVersion "1"]
[SourceVersionDate "2025.01.15"]
[SourceQuality "1"]

1. e4 e6 2. d4 d5 3. e5 c5 4. c3 Nc6 5. Nf3 Qb6 6. a3 Bd7 7. b4 cxd4 8. cxd4 Rc8 9. Bb2 Na5 10. Nc3 Ne7 11. Na4 Qc6 12. Nc5 Nc4 13. Bxc4 dxc4 14. 0-0 b6 15. Nxd7 Qxd7 16. Rc1 b5 17. Ng5 Nd5 18. Ne4 a5 19. bxa5 Be7 20. Qg4 0-0 21. h4 Kh8 22. Nc3 f5 23. exf6 Rxf6 24. Nxd5 Qxd5 25. f3 Ra8 26. Rfe1 Rxa5 27. Re5 Qd6 28. Rce1 Ra6 29. d5 Qb6+ 30. Kf1 c3 31. Rxe6 Rxe6 32. Rxe6 cxb2 33. Rxb6 b1Q+ 34. Kf2 Qb2+ 35. Kg3 Qe5+ 36. Kh3 Ra8 37. Re6 Qxd5 38. Rxe7 Rg8 39. Qe4 Qd6 40. Re8 Qd7+ 41. Re6 Re8 42. Qc6 Qxe6+ 0-1

[Event "Kuwait op 1st"]
[Site "Kuwait City"]
[Date "2025.01.08"]
[Round "4"]
[White "Mithilesh, Ranjithkumar"]
[Black "Saksham, Upadhyay"]
[Result "0-1"]
[WhiteElo "1918"]
[BlackElo "1903"]
[PlyCount "92"]
[EventDate "2025.01.05"]
[EventType "swiss"]
[EventRounds "9"]
[EventCountry "KUW"]
[SourceTitle "CB03_2025"]
[SourceDate "2025.01.15"]
[SourceVersion "1"]
[SourceVersionDate "2025.01.15"]
[SourceQuality "1"]

1. e4 c5 2. Nf3 Nc6 3. d4 cxd4 4. Nxd4 e6 5. Nc3 Qc7 6. Be2 Nf6 7. 0-0 a6 8. Be3 Bb4 9. Bd3 Bxc3 10. bxc3 d5 11. f3 e5 12. Nb3 Be6 13. Nc5 0-0 14. Rb1 b5 15. a4 d4 16. Bg5 dxc3 17. Nxe6 fxe6 18. axb5 axb5 19. Rxb5 Nd4 20. Rb4 Qc5 21. Rc4 Qb6 22. Be3 Rfc8 23. f4 Rxc4 24. Bxc4 Nxe4 25. fxe5 Nd2 26. Re1 Ra5 27. Bxe6+ Qxe6 28. Bxd4 Qc4 29. Bf2 Qe6 30. Bg3 Ra4 31. h3 h6 32. Kh2 Rb4 33. Qa1 Rb2 34. Qa4 Kh7 35. Qd4 Rxc2 36. Qd3+ Qg6 37. Qxg6+ Kxg6 38. e6 Nf3+ 39. Kh1 Nxe1 40. Bxe1 Rc1 41. e7 Rxe1+ 42. Kh2 Rxe7 43. h4 c2 44. g3 c1Q 45. Kh3 Qh1+ 46. Kg4 Re4# 0-1

[Event "Kuwait op-A"]
[Site "Kuwait City"]
[Date "2023.12.24"]
[Round "1"]
[White "Mithilesh, Ranjithkumar"]
[Black "Khalaf, Ali"]
[Result "1-0"]
[WhiteElo "1613"]
[BlackElo "1386"]
[PlyCount "117"]
[EventDate "2023.12.24"]
[EventType "tourn"]
[EventRounds "5"]
[EventCountry "KUW"]
[SourceTitle "EXT 2025"]
[Source "ChessBase"]
[SourceDate "2024.10.14"]
[SourceVersion "1"]
[SourceVersionDate "2024.10.14"]
[SourceQuality "1"]

1. e4 c5 2. Nf3 Nc6 3. d4 cxd4 4. Nxd4 Nf6 5. Nc3 e5 6. Nxc6 bxc6 7. Bd3 Bc5 8. Bg5 0-0 9. 0-0 Rb8 10. Rb1 h6 11. Bh4 d6 12. h3 Be6 13. b3 d5 14. Qe2 d4 15. Na4 Be7 16. Bg3 Qa5 17. Nb2 Bd6 18. a4 Nd7 19. Bc4 Nb6 20. Bxe6 fxe6 21. Nc4 Qc5 22. Nxd6 Qxd6 23. Rfd1 c5 24. Qa6 Nc8 25. Qxd6 Nxd6 26. Bxe5 Rbd8 27. Bxd6 Rxd6 28. Rd2 e5 29. Rbd1 Rb8 30. g3 Rf6 31. Rd3 c4 32. bxc4 Rb4 33. c3 dxc3 34. Rxc3 Rxa4 35. c5 Ra2 36. f3 Raa6 37. Kf2 Kf7 38. Rd7+ Kg6 39. Re7 Rfe6 40. Rxe6+ Rxe6 41. Ke3 Rc6 42. Kd3 Kf6 43. Kc4 Ke6 44. Kb5 Kd7 45. Rd3+ Kc7 46. Ra3 a6+ 47. Kc4 Rg6 48. g4 Re6 49. Kd5 Rc6 50. Ra5 Rf6 51. Ra3 Rc6 52. Rc3 a5 53. Kxe5 Ra6 54. Kd5 a4 55. Ra3 Kd7 56. f4 Rf6 57. f5 Ra6 58. e5 Ke7 59. Kc4 1-0

[Event "Kuwait Rapid op"]
[Site "Kuwait"]
[Date "2023.12.02"]
[Round "3"]
[White "Mithilesh, Ranjithkumar"]
[Black "Zayed, Ali Al Hamed"]
[Result "1-0"]
[WhiteElo "1645"]
[BlackElo "1987"]
[PlyCount "97"]
[EventDate "2023.12.02"]
[EventType "swiss (rapid)"]
[EventRounds "9"]
[EventCountry "KUW"]
[SourceTitle "CBM 217 Extra"]
[Source "ChessBase"]
[SourceDate "2024.01.31"]
[SourceVersion "1"]
[SourceVersionDate "2024.01.31"]
[SourceQuality "1"]

1. e4 d5 2. exd5 Qxd5 3. Nc3 Qd6 4. d4 Nf6 5. Nf3 Bg4 6. Be2 Nbd7 7. Be3 c6 8. 0-0 e6 9. h3 Bh5 10. Qd2 Qc7 11. Rfe1 Bd6 12. a3 a5 13. Bd1 0-0 14. Ng5 Bg6 15. Be2 b5 16. Bd3 b4 17. Nce4 Be7 18. Bf4 Qb6 19. c3 Nd5 20. Bg3 c5 21. Nf3 Rfd8 22. Ne5 Nxe5 23. Bxe5 f6 24. dxc5 Qc6 25. Bd4 e5 26. Be3 Kh8 27. axb4 f5 28. b5 Qc8 29. Nd6 Bxd6 30. cxd6 Rxd6 31. Bc2 f4 32. Bxf4 exf4 33. Bxg6 hxg6 34. Re5 Qd7 35. Rd1 Rd8 36. c4 Nb4 37. Qxd6 Qxd6 38. Rxd6 Rxd6 39. c5 Rd1+ 40. Kh2 Rc1 41. b6 Nd3 42. Re8+ Kh7 43. b7 Nxf2 44. g3 f3 45. g4 Nd3 46. b8Q g5 47. Rh8+ Kg6 48. Qd6+ Kf7 49. Rf8# 1-0